médicament induisant/aggravant une HTA - Statistiques

Statistiques générales
  • Ce quiz a été pris 7 fois
  • Le résultat moyen est 3 sur 20
Statistiques - réponses
Hint Réponse % Correct
2 AINS
67%
1 AIS
33%
3 Aspirine
33%
8 bicarbonate de sodium
33%
5 contraception orale
33%
13 cyclosporine
33%
11 décongestionnant naseau
33%
4 réglisse
33%
14 abatacept
0%
15 belatacept
0%
12 bevizumab
0%
10 EPO
0%
6 fludrocortisone
0%
17 methyl naltrexone
0%
9 midodrine
0%
16 mycophénolate mofetil
0%
18 noloxegol
0%
19 prostigmine
0%
20 rivastigmine
0%
7 vit D
0%
Aucun quiz correspondant
Distribution des résultats
% des personnes avec chaque résultat
Percentile par nombre de réponses
Votre historique - résultats
Vous n’avez pas pris ce quiz